00650nam a2200217 a 450000100060000000300090000600500170001500800410003201500210007303500150009404000280010904100130013704300160015008200170016610000350018324500750021826000650029330000200035850000320037865000220041025174CO-ViMGA20230915232045.0141112s2004 ck r 000 u spa d ack - 2003 - xxxx aAHS1062 LA aCO-ViMGAbspacCO-ViMGA aspa eng ae - uk - en04aI823.8 K46c1 aKipling, Rudyard, 1865 - 1936.10aDe cómo el leopardo obtuvo sus manchas [Braille] / cRudyard Kipling aBogotá : bInstituto Nacional para Ciegos, cINCI, c2011. a38 p. ; 25 cm. aTexto en imprenta y braille14aCuentos ingleses.